<?xml version="1.0" encoding="UTF-8"?><?xml-stylesheet type="text/xsl" href="static/style.xsl"?><OAI-PMH xmlns="http://www.openarchives.org/OAI/2.0/" xmlns:xsi="http://www.w3.org/2001/XMLSchema-instance" xsi:schemaLocation="http://www.openarchives.org/OAI/2.0/ http://www.openarchives.org/OAI/2.0/OAI-PMH.xsd"><responseDate>2026-05-14T06:38:26Z</responseDate><request verb="GetRecord" identifier="oai:riubu.ubu.es:10259/11285" metadataPrefix="marc">https://riubu.ubu.es/oai/request</request><GetRecord><record><header><identifier>oai:riubu.ubu.es:10259/11285</identifier><datestamp>2026-01-27T01:05:51Z</datestamp><setSpec>com_10259_3844</setSpec><setSpec>com_10259_5086</setSpec><setSpec>com_10259_2604</setSpec><setSpec>com_10259_4249</setSpec><setSpec>col_10259_3845</setSpec><setSpec>col_10259_4250</setSpec></header><metadata><record xmlns="http://www.loc.gov/MARC21/slim" xmlns:doc="http://www.lyncode.com/xoai" xmlns:xsi="http://www.w3.org/2001/XMLSchema-instance" xmlns:dcterms="http://purl.org/dc/terms/" xsi:schemaLocation="http://www.loc.gov/MARC21/slim http://www.loc.gov/standards/marcxml/schema/MARC21slim.xsd">
<leader>00925njm 22002777a 4500</leader>
<datafield tag="042" ind1=" " ind2=" ">
<subfield code="a">dc</subfield>
</datafield>
<datafield tag="720" ind1=" " ind2=" ">
<subfield code="a">Herrero Gutiérrez, Ana</subfield>
<subfield code="e">author</subfield>
</datafield>
<datafield tag="720" ind1=" " ind2=" ">
<subfield code="a">Reguera Alonso, Celia</subfield>
<subfield code="e">author</subfield>
</datafield>
<datafield tag="720" ind1=" " ind2=" ">
<subfield code="a">Sanllorente Méndez, Silvia</subfield>
<subfield code="e">author</subfield>
</datafield>
<datafield tag="720" ind1=" " ind2=" ">
<subfield code="a">Palmero Díaz, Susana</subfield>
<subfield code="e">author</subfield>
</datafield>
<datafield tag="720" ind1=" " ind2=" ">
<subfield code="a">Ortiz Fernández, Mª Cruz</subfield>
<subfield code="e">author</subfield>
</datafield>
<datafield tag="720" ind1=" " ind2=" ">
<subfield code="a">Sarabia Peinador, Luis Antonio</subfield>
<subfield code="e">author</subfield>
</datafield>
<datafield tag="720" ind1=" " ind2=" ">
<subfield code="a">Sánchez Pastor, Mª Sagrario</subfield>
<subfield code="e">author</subfield>
</datafield>
<datafield tag="260" ind1=" " ind2=" ">
<subfield code="c">2022-03</subfield>
</datafield>
<datafield tag="520" ind1=" " ind2=" ">
<subfield code="a">La metodología del diseño de experimentos proporciona&#xd;
herramientas conceptuales y metodológicas de gran&#xd;
utilidad para el desarrollo de Trabajos Fin de Grado y&#xd;
Trabajos Fin de Máster. En este trabajo se muestran&#xd;
algunos ejemplos de la aplicación de dicha metodología&#xd;
en los grados de Química y Ciencia y Tecnología de los&#xd;
Alimentos, así como en los másteres de Química&#xd;
Avanzada y Seguridad y Biotecnología Alimentaria, que&#xd;
se imparten actualmente en la Facultad de Ciencias de la&#xd;
Universidad de Burgos.</subfield>
</datafield>
<datafield tag="024" ind2=" " ind1="8">
<subfield code="a">2444-8818</subfield>
</datafield>
<datafield tag="024" ind2=" " ind1="8">
<subfield code="a">https://hdl.handle.net/10259/11285</subfield>
</datafield>
<datafield tag="245" ind1="0" ind2="0">
<subfield code="a">Metodología de diseño de experimentos en Trabajos Fin de Grado, Trabajos Fin de Máster y Prácticum</subfield>
</datafield>
</record></metadata></record></GetRecord></OAI-PMH>